Účetnictví Učebnice pro praxi

Salvato in:
Dettagli Bibliografici
Autore principale: Lautenschlager, Martin
Altri autori: Kvasničková, Alžběta
Natura: Libro
Lingua:ceco
Pubblicazione: Praha Nakladatelství Svoboda 1994
Edizione:1. vyd.
Soggetti:
Tags: Aggiungi Tag
Nessun Tag, puoi essere il primo ad aggiungerne!!

MARC

LEADER 00000nam a2200000 4500
001 c005966
005 20250708091520.1
020 |a 80-205-0371-4 
041 0 |a cze 
044 |a CZ 
245 1 0 |a Účetnictví  |b Učebnice pro praxi  |c Martin Lautenschlager ; [Z nem. prel.] Alžběta Kvasničková 
250 |a 1. vyd. 
264 1 |a Praha  |b Nakladatelství Svoboda  |c 1994 
300 |a 173 s. 
610 2 0 |a účtovníctvo 
610 2 0 |a účty 
610 2 0 |a súvaha 
610 2 0 |a osnova účtová 
100 1 |a Lautenschlager, Martin 
700 1 |a Kvasničková, Alžběta